000 00287nam a2200109Ia 4500
008 201217s9999 xx 000 0 und d
100 _aSonnenschein, Dan
245 2 _aA Guide To VI : Visual Editing on the Unix System
260 _aNew Jersey
_bPrentice-Hall
300 _a180
942 _cBK
999 _c7989
_d7989